Estatísticas para Quiz do Mapa dos Estados do Brasil

Clique aqui para jogar o quiz

Estatísticas Gerais

  • Esse quiz foi jogado 164 873 vezes
  • A pontuação média é 18 de 27

Respostas no mapa

Respostas codificadas por cores de uma escala verde-vermelha no mapa do quiz de acordo com a % correta abaixo.
 

Estatísticas das Respostas

Resposta% Correto
Rio Grande do Sul
87%
Distrito Federal
83%
Amazonas
82%
São Paulo
82%
Rio de Janeiro
80%
Santa Catarina
80%
Acre
79%
Minas Gerais
78%
Bahia
77%
Espírito Santo
77%
Paraná
77%
Goiás
76%
Mato Grosso
76%
Mato Grosso do Sul
72%
Tocantins
61%
Pará
59%
Amapá
58%
Rondônia
53%
Pernambuco
52%
Roraima
52%
Rio Grande do Norte
51%
Ceará
49%
Maranhão
48%
Sergipe
48%
Piauí
46%
Paraíba
38%
Alagoas
36%

Distribuição das Pontuações

Percentil de Números Respondidos

Porcentagem de Pessoas com Cada Pontuação

Sua Pontuação Histórica

Você não jogou esse quiz